| 000 | 00904nam a2200253Ia 4500 | ||
|---|---|---|---|
| 005 | 20250117103442.0 | ||
| 008 | 008 250103s9999 xx 000 0 eng d | ||
| 020 | _a9780367493738 | ||
| 037 | _aTextbook | ||
| 040 |
_aCSL _beng _cCSL |
||
| 041 |
_aeng _2eng |
||
| 084 |
_aD65,8(B):(S:72) R0 TD _qCSL |
||
| 100 |
_aKulkarni, Shrirang Ambaji _9731126 |
||
| 245 | 0 |
_aIntroduction to IOT with manhine learning and image processing using raspberry IP _cKulkarni, Shrirang Ambaji; Gurupur, Varadrah P; Fernandes, Steven L |
|
| 260 |
_aBoca Raton _b CRC Press/T&F _c2020 |
||
| 300 | _avii, 158p. ill. | ||
| 650 |
_a Image processing _9458872 |
||
| 650 |
_a Machine learning _9480917 |
||
| 650 | _aComputer Science | ||
| 700 |
_a Fernandes, Steven L _9733136 |
||
| 700 |
_a Gurupur, Varadrah P _9733137 |
||
| 942 |
_cTB _hD65,8(B):(S:72) R0 TD |
||
| 999 |
_c1237430 _d1237430 |
||